"Red" Marvel Characters by Picture - Statistics

General Stats
  • This quiz has been taken 61 times
  • The average score is 10 of 30
Answer Stats
Picture Answer % Correct
Red Hulk
100%
Red Hulk (Maverick)
100%
Red Skull
96%
Red She-Hulk
83%
Red Guardian
75%
Redwing
73%
Redwing (Earth-99315)
73%
Red Wasp
40%
Red Dagger
37%
Red Ghost
33%
Red King
25%
Red Ronin
25%
Red Sonja
25%
Red Dragon
23%
Red Raven
21%
Red Raven (Dania)
21%
Red Raven (Old West)
21%
Red Wolf
19%
Red Widow
17%
Red Widow
17%
Red 9
13%
Red Queen
13%
Red Feather
12%
Redeye
10%
Redneck
8%
Red Locust
6%
Red Lotus
6%
Red Dot
4%
Red Peril
4%
Redline
2%
No matching quizzes found
Score Distribution
Percent of People with Each Score
Percentile by Number Answered
Your Score History
You have not taken this quiz